Budapest - Choix Multiples - Statistiques

Statistiques générales
  • Ce quiz a été pris 2 104 fois
    1 909 depuis la dernière actualisation
  • Le résultat moyen est 7 sur 10
Statistiques - réponses
Question Réponse % Correct
Quel fleuve traverse Budapest ? Danube
91%
Quelles villes ont fusionné pour donner naissance à "Budapest" en 1873 ? Pest et Buda
84%
Parmi ces quatre images, laquelle montre le Parlement hongrois de Budapest ?
83%
Lequel de ces objets a été inventé à Budapest ? Le Rubik’s Cube
81%
À quel type d'établissement typique de Budapest le mot Széchenyi se réfère-t-il ? Des thermes
74%
Lequel de ces sportifs est né à Budapest ? Ferenc Puskás
74%
Quelle épice, très appréciée de la cuisine hongroise, trouve-t-on sur les étals des marchés et les échoppes touristiques de Budapest ? Paprika
71%
Quel compositeur et pianiste hongrois a donné son nom à l'aéroport de Budapest ? Franz Liszt
55%
Quel pont de la ville est le plus ancien et le plus emblématique ? Pont des Chaînes
51%
Quel mont offre une vue panoramique sur la ville ? Mont Gellért
32%
Aucun quiz correspondant
Distribution des résultats
% des personnes avec chaque résultat
Percentile par nombre de réponses
Votre historique - résultats
Vous n’avez pas pris ce quiz depuis la dernière actualisation